|
|
|
|
| LEADER |
01301cam a2200385 a 4500 |
| 001 |
000043963 |
| 003 |
2109 |
| 005 |
20060421153453.0 |
| 008 |
010217b2002 vm 000 vie |
| 020 |
|
|
|c 15300
|
| 040 |
|
|
|a LRC
|c LRC
|d LRC
|
| 041 |
0 |
|
|a vie
|
| 082 |
1 |
4 |
|a 809
|b Ph-B
|
| 245 |
0 |
0 |
|a Phê bình - lý luận văn học Anh - Mỹ.
|n Tập 1 /
|c Lê Huy Bắc (sưu tập và giới thiệu).
|
| 260 |
|
|
|a Hà Nội :
|b Giáo dục,
|c 2002.
|
| 300 |
|
|
|a 243 tr. ;
|c 20,5 cm.
|
| 630 |
0 |
4 |
|a Văn học Anh.
|
| 630 |
0 |
4 |
|a Văn học Mỹ.
|
| 650 |
0 |
4 |
|a Phê bình văn học
|x Văn học Anh.
|
| 650 |
0 |
4 |
|a Phê bình văn học
|x Văn học Mỹ.
|
| 650 |
0 |
4 |
|a Văn học Anh
|x Lý luận.
|
| 650 |
0 |
4 |
|a Văn học Mỹ
|x Lý luận.
|
| 700 |
1 |
|
|a Lê Huy Bắc,
|e sưu tập và giới thiệu.
|
| OWN |
|
|
|a DUT
|
| AVA |
|
|
|a UDN50
|b DUT
|c Book
|d 809 Ph-B
|e available
|t Error 5001 Not defined in file expand_doc_bib_avail.
|f 5
|g 0
|h N
|i 0
|j SH
|k 1
|
| 999 |
|
|
|a From the UDN01
|
| AVA |
|
|
|a UDN50
|b DUT
|c Book
|d 809 Ph-B
|e available
|t Error 5001 Not defined in file expand_doc_bib_avail.
|f 5
|g 0
|h N
|i 0
|j SH
|k 1
|
| TYP |
|
|
|a Monograph
|
| TYP |
|
|
|a Printed language
|
| 980 |
|
|
|a Mạng thư viện Đại học Đà Nẵng
|